| 000 | 01294cas a2200373 a 4500 | ||
|---|---|---|---|
| 999 |
_c7476 _d7476 |
||
| 001 | 11148331 | ||
| 003 | GBCCL | ||
| 005 | 20241126110629.0 | ||
| 007 | t| | ||
| 008 | 760813d195619uutnuar 0 a0eng | ||
| 010 | _a 55006961 | ||
| 022 | 0 |
_a0074-6770 _l0074-6770 _21 |
|
| 035 | _a(OCoLC)ocm02369568 | ||
| 040 |
_aDLC _cOCanM _dNSDP _dDLC _dNSDP _dDLC _dNSDP _dOCoLC |
||
| 042 |
_ansdp _apcc |
||
| 050 | 0 | 0 |
_aBV1560 _b.I64 |
| 082 | 0 |
_a268.61 _bINT |
|
| 222 | 4 | _aThe International lesson annual | |
| 245 | 0 | 4 | _aThe international lesson annual. |
| 260 |
_aNashville : _bAbingdon Press, _c1956- |
||
| 265 | _aAbingdon Press, 201 8th Ave. South, Nashville, TN 37202 | ||
| 300 |
_av. : _bill., maps. ; _c24 cm. |
||
| 310 | _aAnnual | ||
| 362 | 0 | _a1956- | |
| 590 | _aSERBIB/SERLOC merged record | ||
| 630 | 0 | 0 |
_aInternational Sunday school lessons _vPeriodicals. _9474 |
| 770 | 0 |
_tClass devotions _x0742-5724 _w(DLC)sn 84000900 _w(OCoLC)10367790 |
|
| 770 | 0 |
_tDevotional companion to the International lessons _x1074-9918 _w(DLC)sn 94003598 _w(OCoLC)29905064 |
|
| 785 | 0 | 0 |
_tNew international lesson annual _x1084-872X _w(DLC) 95648438 _w(OCoLC)32498357 |
| 906 |
_a7 _bcbc _cserials _du _encip _f19 _gn-oclcserc |
||
| 936 |
_aUnknown _a1978/79 (surrogate) |
||
| 942 |
_2ddc _cBK |
||